Śmieszne teksty z pingwinów z madagaskaru - Statystyki

Ogólne statystyki
  • Ten quiz został rozwiązany 197 razy
  • Średni wynik to 4 z 26
Statystyki odpowiedzi
Hint Postać mówiąca Odpowiedź % Poprawnych
"Onga, onga, onga, laski ..." Król Julian lubią pstrąga
75%
"Tak śmierdzą pingwiny i ..." Król Julian niektóre zakonnice
61%
"Matko boska czestochowska ..." Kowalski tata zjadł żelazko
33%
"No, nie pozwala mi nawet kopnąć brata w ..." Jedna z czterech kaczek splot słoneczny
22%
"Hej, hej, dziecino! Twoja mama to chyba była saperem co najmniej, bo ..." Król Julian figurę to ty masz bombową
20%
"Tańcuje zgrabna pupa, mmmm, ah, ..." Król Julian złote gatki złoty dzwon
19%
" - Inaczej najlepszy przyjaciel kobiety. - ..." Skipper (Kwestia wypowiedziana przez Kowalskiego) paralizator
18%
"Ocalcie króla! ..." Król Julian Resztę opcjonalnie
15%
"- Słuchaj, promem, mieliśmy uciekać promem! - No dobra, to teraz ty posłuchaj mnie kolega ... bywa, tak czy inaczej tam jedziemy. Król Julian (Marlenka rozpoczyna kwestię) Romek na promie często
15%
"- Dobra powiem to bardzo powoli, ponieważ widzę, że cierpisz na ciężki przypadek półgłupstwa - Moris, Król Julian (kwestia wypowiedziana przez pawiany) skąd ona ma dostęp do moich wyników badań
13%
" - Zaraz, zaraz jeden moment! A może zoo wolałoby mieć na okładce jakąś piękną kobietę? - Zgoda, tak, być może. Ale ..." Król Julian (Marlenka rozpoczyna kwestię gdzie my tu taką znajdziemy
12%
"Hej, zobaczcie tylko! Jestem ..." Król Julian wcielony w Rico psychoptakiem
10%
"Bylo dla mnie ogromnym zaszczytem służyć ..." Skipper z częścią z was
9%
"- Nie ma takiej opcji chłopcy, nie pozwolimy się tak ustawicznie śledzić, za żadną cenę. Rico, piła proszę! - A szefie, jak długo sie kroi taką obrączkę? -Obrączkę? myślałem, ..." Skipper żeby sobie odkroić nogę
9%
"Nie udawaj głupiego - ..." Król Julian (kwestia wypowiedziana przez Skippera) A jeśli nie udaję
8%
"Nie wolno Ci mnie dotykać, gdyż jako król posiadam ..." Król Julian dyplomatyczny imuniten
8%
"- To ty obrzuciłeś nas tym śmierdzącym skunksim łajnem?! - To są bardzo poważne zarzuty! - Więc twierdzisz że to nie ty tak? - Nie, ja, ja, ..." Król Julian (kwestia wypowiedziana przez pawiany) tylko mówię że to poważne zarzuty
8%
"Jadę ulicą, ... drą" Król Julian pingwiny asfalt
6%
"- Heh, pewnie nawet nie umiałbyś ..." Król Julian trafić piłką w te słupki z siatką
6%
"Ja wiem! Mam pomysł. Zróbmy kanapkę, która ..." Król Julian podobna do konia
5%
"Jop, ja jestem wręcz zawodowym opiekaczem. Opiekam, grzeję oraz ogrzewam. Zazwyczaj wiedz, O tutaj spójrz na dół." Król Julian częścią zadnią
4%
"Byłem, byłem, byłem tak blisko do rozwiązania problemu nękającego naukowców od setek lat .... tyle" Kowalski ile to tyle że aż tyle aby było na
4%
"- A nie sądzisz, że (owocki) jest tak trochę niedobra? - A ta, jest tak Mort (Król Julian rozpoczyna kwestię) odrobine trochę potwornie niedobra
4%
"Wiecie, że w tasmanii za ..." Skipper oszukiwanie w wombata z automatu jest pluton
4%
"Właśnie ! Może komputer wybuchł sam...! W końcu ..." Skipper to wasza konstrukcja
4%
"Te krzyki i akty rozboju to oznaki radości na cześć ..." Król Julian 3 pierwszych minut nowego ładu
3%
Nie znaleziono quizów pasujących do podanych kryteriów
Rozkład punktacji
Procent ludzi z każdym wynikiem
Percentyl według liczby udzielonych odpowiedzi
Twoja historia wyników
Nie rozwiązałeś tego quizu